MARC

LEADER 00000nam a22000007a 4500
001 28896
003 AGDB
005 20260324181532.0
008 250604b spa||||| |||| 00| 0 cat d
040 |a agdb  |b cat 
100 1 |a Masramon i Martín, Cristina  |9 72115 
245 |a Les masies de Tavertet /   |c Cristina Masramon Martín ; Imatges de Quim Espona Arumí 
260 |a Tavertet :   |b Ajuntament de Tavertet ;   |c [2025] 
300 |a 31 pàg. ;   |b fotografies color ;   |c 20 x 25 cm. 
650 0 |a Masos, masies, etc.  |z Tavertet (Catalunya)  |9 72114 
700 1 |a Espona i Arumí, Quim  |9 72116  |e imatges 
710 |a Tavertet (Catalunya).  |b Ajuntament  |9 55906  |e edita 
942 |c ARXIU  |n 1 
952 |0 0  |1 0  |4 0  |6 BIB1294  |7 1  |9 98153  |a Arxiu  |b Arxiu  |d 2025-06-04  |l 0  |o Bib-1294  |p 28896  |r 2025-06-04 00:00:00  |w 2025-06-04  |y ARXIU 
999 |c 129931  |d 129931